ZWIERZĘTA na literę R - Statystyki

Ogólne statystyki
  • Ten quiz został rozwiązany 167 razy
  • Średni wynik to 8 z 12
Statystyki odpowiedzi
Obrazkowy Odpowiedź % Poprawnych
Ryś euroazjatycki
100%
Rekin wielorybi
96%
Ropucha szara
93%
Rak szlachetny
92%
Renifer tundrowy
80%
Ryjówka aksamitna
66%
Rosomak tundrowy
59%
Rzekotka drzewna
58%
Rybołów zwyczajny
54%
Rybitwa rzeczna
49%
Rudzik zwyczajny
46%
Remiz zwyczajny
20%
Nie znaleziono quizów pasujących do podanych kryteriów
Rozkład punktacji
Procent ludzi z każdym wynikiem
Percentyl według liczby udzielonych odpowiedzi
Twoja historia wyników
Nie rozwiązałeś tego quizu